| 000 | 00380nam a22001217a 4500 | ||
|---|---|---|---|
| 999 |
_c2497 _d2497 |
||
| 005 | 20200916101030.0 | ||
| 008 | 200916b ||||| |||| 00| 0 eng d | ||
| 020 | _a25573 | ||
| 040 | _cCML | ||
| 245 |
_aThe Child and His Elementary School World. _cWarner, R.H. |
||
| 260 |
_aEnglewood Cliffs _bPrentice-Hall, Inc _c1957 |
||
| 942 |
_2ddc _cBK _e1st Edition _h370.80 _mWAR |
||